000 00886nam a2200265Ia 4500
005 20210727153205.0
008 141031s9999 ck 000 0 spa d
020 _a9789583002113
082 0 4 _aUr 864.62
_bR62a
100 1 _aRodó, José Enrique,
_d1872-1917
245 1 0 _aAriel
_cJosé Enrique Rodó ; prólogo de Leopoldo Alas "Clarin"
250 _a1a edición
_b6a reimpresión
300 _a108 páginas
_c20 cm.
490 _aLetras latinoamericanas
650 1 4 _2LEMB
_aEnsayos uruguayos
_ySiglo XX
650 1 4 _2LEMB
_aLiteratura uruguaya
_ySiglo XX
650 1 4 _2LEMB
_aPolítica en la literatura
700 1 _aAlas, Leopoldo,
_d1852-1901
_eprologuista
942 _2ddc
_cBKLIT
264 _aBogotá
_bPanamericana
_c2012
336 _atexto
_btxt
_2rdacontent
337 _asin mediación
_bn
_2rdamedia
338 _avolumen
_bnc
_2rdacarrier
040 _aCO-BoRNBP
_bspa
_erda
_cCO-BoRNBP
999 _c3954
_d3954